ARRUPE JESUIT UNIVERSITY

CORONAVIRUS -STOP THE SPREAD - CLEAN,DISINFECT,COVER

The banks of the Nile, (Record no. 124089)

MARC details
000 -LEADER
fixed length control field 01156cam a2200301 4500
001 - CONTROL NUMBER
control field 2677974
003 - CONTROL NUMBER IDENTIFIER
control field ARRUPE
005 - DATE AND TIME OF LATEST TRANSACTION
control field 20160203120116.0
008 - FIXED-LENGTH DATA ELEMENTS--GENERAL INFORMATION
fixed length control field 900122s1913 enkbf 000 0 eng c
010 ## - LIBRARY OF CONGRESS CONTROL NUMBER
LC control number a 16000638 //r47
035 ## - SYSTEM CONTROL NUMBER
System control number (OCoLC)ocm20939025
035 ## - SYSTEM CONTROL NUMBER
System control number (NNC)2677974
040 ## - CATALOGING SOURCE
Original cataloging agency Lynn, Mass. Public libr.
Transcribing agency KCP
Modifying agency ZCU
050 ## - LIBRARY OF CONGRESS CALL NUMBER
Classification number SPC DT115.
Item number T634
099 ## - LOCAL FREE-TEXT CALL NUMBER (OCLC)
Classification number 962
-- T566
300 ## - PHYSICAL DESCRIPTION
Other physical details col. front., 159 col. pl., 2 fold. maps.
Dimensions 23 cm.
100 1# - MAIN ENTRY--PERSONAL NAME
Personal name Todd, John A.
Fuller form of name (John Aiton),
Dates associated with a name 1875-
9 (RLIN) 21963
245 14 - TITLE STATEMENT
Title The banks of the Nile,
Statement of responsibility, etc painted by Ella Du Cane, text by John A. Todd. Notes on the plates by Florence Du Cane.
260 ## - PUBLICATION, DISTRIBUTION, ETC. (IMPRINT)
Place of publication, distribution, etc London,
Name of publisher, distributor, etc A. and C. Black,
Date of publication, distribution, etc 1913.
300 ## - PHYSICAL DESCRIPTION
Extent xv, 282 p.
500 ## - GENERAL NOTE
General note Each plate accompanied by guard sheet with descriptive letterpress.
500 ## - GENERAL NOTE
General note Appendix A: Brief Eqyptian chronology. Appendix B. Note on the pronunciation of Arabic. Appendix C: Etymology of Arabic place names.
651 #0 - SUBJECT ADDED ENTRY--GEOGRAPHIC NAME
Geographic name Nile River.
9 (RLIN) 21678
651 #0 - SUBJECT ADDED ENTRY--GEOGRAPHIC NAME
Geographic name Egypt
General subdivision History.
9 (RLIN) 222
651 #0 - SUBJECT ADDED ENTRY--GEOGRAPHIC NAME
Geographic name Egypt
General subdivision Description and travel.
9 (RLIN) 21964
700 1# - ADDED ENTRY--PERSONAL NAME
Personal name Du Cane, Ella,
Relator term illustrator.
9 (RLIN) 21965
942 ## - ADDED ENTRY ELEMENTS (KOHA)
Source of classification or shelving scheme Library of Congress Classification
Koha item type SPC
Holdings
Withdrawn status Lost status Source of classification or shelving scheme Damaged status Not for loan Collection code Home library Current library Shelving location Date acquired Total Checkouts Full call number Barcode Date last seen Price effective from Koha item type
    Library of Congress Classification     SPECIAL Collection ARRUPE LIBRARY ARRUPE LIBRARY Main Collection 03/02/2016   SPC DT115.T634 46500006094 03/02/2016 03/02/2016 SPC

 

Arrupe Library. PO Box MP320 Mt Pleasant, Harare, Zimbabwe
263 242 745411|librarian@aju.ac.zw